000 01218cam a2200289 i 4500
003 SA-RiAUC
005 20241210122405.0
008 241206s2001 su g 00000 ara c
040 _aSA-RiAUC
_bara
_cSA-RiAUC
_erda
082 0 4 _a252.5
090 _a252.5
_b م س ل
100 1 _aالمسلم، خالد بن عبد العزيز.
_eمؤلف.
245 1 0 _aحج المرأة ومعالم قبله وبعده /
_cخالد بن عبد العزيز المسلم ؛ راجعه وقدم له خالد بن علي بن محمد المشيقح.
250 _aالطبعة الأولى.
264 1 _aالرياض :
_bدار الوطن للنشر،
_c2001
300 _a176 صفحة ؛
_c24 سم
336 _aنص
_btxt
_2rdacontent
_3كتاب
337 _aبدون وسيط
_bn
_2rdamedia
338 _aمجلد
_bnc
_2rdacarrier
650 7 _aالحج
_2aucsh
650 7 _aالعبادات (فقه إسلامي)
_2aucsh
650 7 _aالوعظ والإرشاد
_2aucsh
650 7 _aالأماكن المقدسة الإسلامية
_zالسعودية
_2aucsh
700 1 _aالمشيقح، خالد بن علي بن محمد
_eمراجع.
942 _2ddc
_cBOOK
_n0
949 _aSA-JeALM
_d241206
_umohamedma123
_n1
999 _c3261
_d3261